Japanese verbs - randomized - Statistics

General Stats
  • This quiz has been taken 33 times
    27 since last reset
  • The average score is 28 of 60
Answer Stats
Hint Kana Type Answer % Correct
尋ねる たずねる transitive to ask
100%
いる いる intransitiveauxiliary to be (animate objects), to exist
100%
居る おる intransitivehumble to be (animate), to exist
100%
変わる かわる intransitive to change, to be transformed, to vary
100%
選ぶ えらぶ transitive to choose, to select
100%
切る きる transitive to cut
100%
やる やる transitive to do, to give
100%
出る でる intransitive to exit, to leave
100%
怖がる こわがる transitiveintransitive to fear, to be afraid of
100%
参る まいる intransitivehumble to go, to come, to call
100%
急ぐ いそぐ transitiveintransitive to hurry, to rush
100%
笑う わらう intransitive to laugh, to smile
100%
開く あくひらく intransitive to open
100%
溢れる あふれる intransitive to overflow
100%
払う はらう transitive to pay (e.g. money, bill)
100%
祈る いのる transitive to pray
100%
刷る する transitive to print
100%
放す はなす transitive to release, to let go
100%
言う いう transitive to say, to name, to call
100%
座る さわる intransitive to sit, to squat
100%
寝る ねる intransitive to sleep (lying down), to go to bed
100%
始める はじめる transitiveauxiliary to start, to begin
100%
学ぶ まなぶ transitive to study, to learn
100%
しゃべる しゃべる transitiveintransitive to talk, to chat
100%
触れる ふれる intransitive to touch, to feel
100%
歩く あるく intransitive to walk
100%
入る はいる intransitive to enter, to come in, to arrive
89%
ある ある intransitiveauxiliary to be, to exist, to have
86%
食べる たべる transitive to eat
86%
殺す ころす transitive to kill
86%
来る くる intransitive to come
83%
洗う あらう transitive to wash
83%
建てる たてる transitive to build, to construct
80%
なくす なくす transitive to lose (something)
80%
着る きる transitive to put on, to wear (from shoulders down)
80%
お風呂に入る おふろにはいる expression to take a bath
80%
送る おくる transitive to send
78%
です です auxiliary to be
75%
買う かう transitive to buy
75%
いらっしゃる いらっしゃる intransitivehonorific to come, to go, to be (somewhere)
75%
行く いくゆく intransitive to go
75%
知る しる transitive to know
75%
貸す かす transitive to lend
75%
押す おす transitive to push, to thrust
75%
入れる いれる transitive to put in, to insert, to bring in
75%
見せる みせる transitive to show
75%
思う おもう transitive to think, to believe
75%
消す けす transitive to turn off, to erase
75%
生まれる うまれる intransitive to be born
71%
成る なる intransitive to become
71%
溶かす とかす transitive to melt, to dissolve
71%
会う あう intransitive to meet
70%
避ける さける transitive to avoid, to dodge
67%
聞こえる きこえる intransitive to be heard, to be audible
67%
助かる たすかる intransitive to be saved, to be helped
67%
裏切る うらぎる transitive to betray
67%
煮る にる transitive to boil, to simmer, to stew
67%
争う あらそう intransitive to compete, to contest
67%
泣く なく intransitive to cry
67%
する する transitive to do
67%
戦う たたかう intransitive to fight with, to make war
67%
飛ぶ とぶ intransitive to fly, to jump
67%
忘れる わすれる transitive to forget
67%
くれる くれる transitiveauxiliary to give, to do for someone
67%
出かける でかける intransitive to go out (e.g. on an excursion or outing), to leave, to depart
67%
手伝う てつだう transitive to help, to assist
67%
助ける たすける transitive to help, to save
67%
誘う さそう transitive to invite, to lure
67%
生きる いきる intransitive to live, to exist
67%
負ける まける intransitive to lose, to be defeated
67%
作る つくる transitive to make, to produce
67%
約束する やくそくする transitivesuru to promise
67%
守る まもる transitive to protect, to guard
67%
置く おく transitiveauxiliary to put, to do something in advance, to keep in a certain state
67%
転がす ころがす transitive to roll, to drive a car
67%
走る はしる intransitive to run, to rush to
67%
探す さがす transitive to search, to look for
67%
輝く かがや intransitive to shine, to sparkle, to glitter
67%
流れる ながれる intransitive to stream, to flow
67%
苦しむ くるしむ intransitive to suffer, to be worried
67%
分かる わかる intransitive to understand
67%
使う つかう transitive to use
67%
働く はたらく intransitive to work
63%
焼く やく transitive to bake, to grill, to roast
60%
約束を破る やくそくをやぶる expression to break a promise
60%
吸う すう transitive to breathe in, to suck
60%
下げる さげる transitive to lower, to hang
60%
開ける あけるひらける transitive to open, to unlock
60%
遊ぶ あそぶ intransitive to play (games, sports)
60%
歌う うたう transitive to sing
60%
始まる はじまる intransitive to start, to begin
60%
止める とめる transitive to stop, to park
60%
話す はなす transitive to talk, to speak
60%
待つ まつ intransitive to wait
60%
目覚める めざめる intransitive to wake up, to awake
60%
答える こたえる intransitive to answer, to reply
57%
曲げる まげる transitive to bend, to curve
57%
楽しむ たのしむ transitive to enjoy, to have fun
57%
疲れる つかれる intransitive to get tired
57%
上げる あげる transitiveauxiliary to raise, to elevate, to give, to do for someone
57%
勝つ かつ intransitive to win
57%
禁じる きんじる transitive to ban, to forbid, to prohibit
50%
曲がる まがる intransitive to bend, to curve
50%
耽る ふける intransitive to be obsessed by, to indulge in
50%
驚く おどろく intransitive to be suprised, to be amazed
50%
乗る のる intransitive to board (train, plane, etc.), to get on
50%
借りる かりる transitive to borrow
50%
運ぶ はこぶ transitive to carry, to transport
50%
閉める しめる transitive to close, to shut
50%
続く つづく intransitive to continue, to go on
50%
決める きめる transitive to decide, to choose
50%
届ける とどける transitive to deliver
50%
死ぬ しぬ intransitive to die
50%
配る くばる transitive to distribute
50%
飲む のむ transitive to drink, to swallow, to take medicine
50%
見つける みつける transitive to find, to discover
50%
当てる あてる transitive to hit, to expose
50%
持つ もつ transitive to hold, to own, to take
50%
増す ます transitiveintransitive to increase, to grow
50%
愛する あいする transitivesuru to love
50%
間違える まちがえる transitive to make a mistake, to get wrong
50%
動く うごく intransitive to move
50%
過ぎる すぎる intransitive to pass through, to exceed
50%
整える ととのえる transitive to put in order, to arrange
50%
読む よむ transitive to read
50%
頂く いただく transitivehumble to receive, to get, to accept
50%
救う すくう transitive to rescue from, to save
50%
上がる あがる intransitive to rise, to go up
50%
売る うる transitive to sell, to betray
50%
泊める とめる transitive to shelter, to lodge
50%
撃つ うつ transitive to shoot, to fire
50%
こぼれる こぼれる intransitive to spill, to fall out of
50%
立つ たつ intransitive to stand up, to rise
50%
止まる とまる intransitive to stop
50%
投げる なげる transitive to throw, to toss
50%
用いる もちいる transitive to use, to make use of, to utilize
50%
訪ねる たずねる transitive to visit
50%
起きる おきる intransitive to wake up, to rise
50%
書く かく transitive to write, to compose
50%
続ける つづける transitiveauxiliary to continue, to keep up
43%
消える きえる intransitive to disappear, to vanish
43%
洗濯する せんたくする transitivesuru to do laundry
43%
外す はずす transitive to remove, to take off, to detach
43%
過ごす すごす transitive to spend (time)
43%
謝る あやまる transitive to apologize
40%
着く つく intransitive to arrive at, to reach
40%
可愛がる かわいがる transitive to be affectionate to, to cherish
40%
信じる しんじる transitive to believe
40%
呼ぶ よぶ transitive to call, to invoke
40%
違う ちがう intransitive to differ from, to be wrong
40%
出会う であう intransitive to encounter, to meet by chance
40%
去る さる intransitive to leave
40%
閉じ込める とじこめる transitive to lock up, to imprison
40%
弾く ひく transitive to play (a stringed or keyboard instrument)
40%
似る にる intransitive to resemble, to look like
40%
おっしゃる おっしゃる transitivehonorific to speak, to tell, to say
40%
泳ぐ およぐ intransitive to swim
40%
取る とる transitive to take, to grab, to hand
40%
登る のぼる intransitive to climb, to ascend
38%
落ちる おちる intransitive to fall, to drop
38%
擁する ようする transitive to hug, to embrace
38%
習う ならう transitive to take lessons in, to be taught, to learn
38%
増やす ふやす transitive to add, to increase, to augment
33%
目立つ めだつ intransitive to be conspicuous, to stand out
33%
悲しむ かなしむ transitive to be sad, to mourn for, to regret
33%
見える みえる intransitive to be seen, to be visible
33%
追いかける おいかける transitive to chase, to pursue
33%
晴れる はれる intransitive to clear up, to be sunny
33%
褒める ほめる transitive to compliment, to praise
33%
繋ぐ つなぐ transitive to connect, to link together
33%
済む すむ intransitive to end, to finish, to be completed
33%
逃げる にげる intransitive to flee, to escape
33%
浮かぶ うかぶ intransitive to float, to be suspended
33%
空く すく intransitive to get empty, to thin out, to be hungry
33%
差し上げる さしあげる transitivehumble to give, to raise, to lift up, to do for someone
33%
諦める あきらめる transitive to give up, to abandon (plans, hope)
33%
聞く きく transitive to hear, to listen, to ask
33%
倣う ならう intransitive to imitate, to copy
33%
力を合わせる ちからをあわせ expression to join forces, to cooperate
33%
誤る あやまる transitive to make a mistake, to do incorrectly
33%
刻む きざむ transitive to mince, to shred, to carve, to engrave
33%
設ける もうける transitive to prepare, to provide
33%
もらう もらう transitive to receive, to get someone to do
33%
支える ささえる transitive to support, to sustain
33%
考える かんがえる transitive to think over, to consider
33%
腰掛ける こしかける intransitive to sit down
30%
鳴く なく intransitive to chirp, to call, to make sound (of an animal)
29%
与える あたえる transitive to give, to bestow
29%
慌てる あわてる intransitive to panic, to become confused
29%
採る とる transitive to pick, to decide on
29%
繰り返す くりかえす transitive to repeat, to do over again
29%
転がる ころがる intransitive to roll, to fall over
29%
振る ふる transitive to wave, to shake, to swing
29%
馴染む なじむ intransitive to adapt to, to get accustomed to, to get used to
25%
老ける ふける intransitive to age, to get old
25%
降る ふる intransitive to fall (weather), to come down
25%
怒る おこる intransitive to get angry
25%
更ける ふける intransitive to get late, to advance
25%
秘める ひめる transitive to hide, to keep to oneself
25%
照らし出す てらしだす transitive to illuminate, to light up
25%
気づく きづく intransitive to notice, to realize
25%
重ねる かさねる transitive to pile up, to stack up
25%
微笑む ほほえむ intransitive to smile
25%
鳴る なる intransitive to sound, to ring
25%
点ける つける transitive to turn on, to switch on
25%
叶う かなう intransitive to come true, to be realized
22%
織る おる transitive to weave
22%
折る おる transitive to break, to fold
20%
燃える もえる intransitive to burn, to get fired up
20%
慰める なぐさめる transitive to comfort, to console
20%
付ける つける transitive to join, to attach, to connect
20%
合う あう intransitive to merge, to unite
20%
引く ひく transitive to pull, to tug
20%
踏む ふむ transitive to step on, to tread on
20%
振り向く ふりむく intransitive to turn around, to turn one's face
20%
力になる ちからになる expression to be helpful
17%
要る いる intransitive to be needed, to be required
17%
しまう しまう transitiveauxiliary to finish, to do completely, to end up doing
17%
手に入れる てにいれる transitive to get, to obtain
17%
約束を守る やくそくをまもる expression to keep a promise
17%
履く はく transitive to put on, to wear (lower-body clothing)
17%
飲み込む のみこむ transitive to swallow, to gulp down
17%
教える おしえる transitive to teach, to instruct
17%
出す だす transitive to take out, to get out, to start doing
13%
罵る ののしる transitive to abuse verbally, to curse at
0%
足す たす transitive to add
0%
加える くわえる transitive to add, to increase
0%
進む すすむ intransitive to advance, to go forward
0%
現れる あらわれる intransitive to appear, to come in sight
0%
襲う おそう transitive to attack, to assail
0%
覚ます さます transitive to awaken
0%
基づく もとづく intransitive to be based on, to be founded on
0%
当たる あたる intransitive to be hit, to strike
0%
閉まる しまる intransitive to be shut, to close
0%
途切れる とぎれる intransitive to break off, to come to an end
0%
築く きずく transitive to build, to construct
0%
伝える つたえる transitive to convey, to report, to communicate
0%
数える かぞえる transitive to count, to enumerate
0%
踊る おどる intransitive to dance
0%
下がる さがる intransitive to drop, to come down
0%
惚れる ほれる intransitive to fall in love with
0%
結婚する けっこんする intransitivesuru to get married
0%
下さる くださる transitivehonorific to give, to do for someone
0%
巡る めぐる intransitive to go around
0%
戻る もどる intransitive to go back
0%
降りる おりる intransitive to go down, to descend
0%
痛む いたむ intransitive to hurt, to feel pain, to ache
0%
確かめる たしかめる transitive to make sure, to check
0%
溶ける とける intransitive to melt, to dissolve
0%
引き合う ひきあう intransitive to pay, to be profitable, to pull against each other
0%
志す こころざす intransitive to plan, to aspire to, to intend
0%
引き上げる ひきあげる transitive to pull up, to lift up
0%
頼る たよる transitiveintransitive to rely on, to count on, to turn to
0%
覚える おぼえる transitive to remember, to memorize
0%
住む すむ intransitive to reside, to dwell
0%
返す かえす transitive to return something, to pay back
0%
帰る かえる intransitive to return, to go home, to go back
0%
申す もうす transitivehumble to say, to be called
0%
見る みる transitive to see, to look, to watch
0%
分ける わける transitive to separate into, to split into, to divide up
0%
踏み出す ふみだす transitiveintransitive to step forward,to embark on
0%
連れる つれる transitive to take along, to go with
0%
破る やぶる transitive to tear, to rip, to destroy, to break
0%
触る さわる transitive to touch, to feel
0%
望む のぞむ transitive to wish for, to hope for, to desire
0%
No matching quizzes found
Score Distribution
Percent of People with Each Score
Percentile by Number Answered
Your Score History
You have not taken this quiz since the last reset